00764cas a22001817a 4500003000400000005001700004008004100021040001400062245014800076260007900224310001500303362001000318650007500328650004300403700002000446710005000466856006600516OSt20231121114412.0170131c1995 xxcz||wso|||||0|| 00eng|d bcatcCDMR10aWho Makes the News? b: Global Media Monitoring Project (GMMP) [recurs electrònic] / cWorld Association for Christian Communication (WACC)  a[Toronto] :bWorld Association for Christian Communication (WACC),c1995 - aQuinquenal a1995- 7aDones en els mitjans de comunicació de massaxEstadístiques2lemac 7aDonesxCobertura periodística2lemac1 aMacharia, Sarah2 aWorld Association for Christian Communication uhttps://whomakesthenews.org/gmmp-reports/zAccés en línia